Teach yourself stamp collecting / (Record no. 6656)
[ view plain ]
| 000 -LEADER | |
|---|---|
| fixed length control field | 00804nam a2200253 a 4500 |
| 001 - CONTROL NUMBER | |
| control field | 6656 |
| 003 - CONTROL NUMBER IDENTIFIER | |
| rucl marc code | BD-RjUL |
| 005 - DATE AND TIME OF LATEST TRANSACTION | |
| control field | 20211208234304.0 |
| 008 - FIXED-LENGTH DATA ELEMENTS--GENERAL INFORMATION | |
| fixed length control field | 14 t19541949enkaf 00110 eng d |
| 035 ## - SYSTEM CONTROL NUMBER | |
| System control number | (BD-RjUL)6697 |
| System control number | (BD-RjUL) |
| 040 ## - CATALOGING SOURCE | |
| Original cataloging agency | BD-RjUL |
| Language of cataloging | eng |
| Transcribing agency | BD-RjUL |
| Modifying agency | BD-RjUL |
| 041 ## - LANGUAGE CODE | |
| Language code of text/sound track or separate title | eng |
| 082 04 - DEWEY DECIMAL CLASSIFICATION NUMBER | |
| Edition number | 16 |
| Classification number | 383.22 |
| Author mark and year | MET 1954 |
| 100 1# - MAIN ENTRY--PERSONAL NAME | |
| Personal name | Melville, Fred J. |
| Fuller form of name | (Fred John), |
| Dates associated with a name | 1882-1940. |
| 9 (RLIN) | 20922 |
| 245 10 - TITLE STATEMENT | |
| Title | Teach yourself stamp collecting / |
| Statement of responsibility, etc. | By Fred. J. Melville. |
| 260 0# - PUBLICATION, DISTRIBUTION, ETC. (IMPRINT) | |
| Place of publication, distribution, etc. | London : |
| Name of publisher, distributor, etc. | English Universities Press, |
| Date of publication, distribution, etc. | 1954. |
| 300 ## - PHYSICAL DESCRIPTION | |
| Pagination | x, 190 p. : |
| Illustrations | ill., plates ; |
| Size | 18 cm. |
| 500 ## - GENERAL NOTE | |
| General note | First published in 1940 under title: Modern stamp collecting. |
| General note | Includes index. |
| 650 #0 - SUBJECT ADDED ENTRY--TOPICAL TERM | |
| Topical term or geographic name as entry element | Stamp collecting. |
| 9 (RLIN) | 20164 |
| 942 ## - ADDED ENTRY ELEMENTS (KOHA) | |
| Source of classification or shelving scheme | Dewey Decimal Classification |
| Koha item type | Books |
| Lost status | Source of classification or shelving scheme | Damaged status | Not for loan | Collection code | Permanent Location | Current Location | Shelving location | Date acquired | Source of acquisition | Cost, normal purchase price | Total Checkouts | Full call number | Date last seen | Copy number | Koha item type |
|---|---|---|---|---|---|---|---|---|---|---|---|---|---|---|---|
| Dewey Decimal Classification | Not For Loan | Non-fiction | Central Library, University of Rajshahi | Central Library, University of Rajshahi | 27/07/1957 | N/A | 4.14 | 383.22 MET 1954 | 11/01/2014 | C-1 | Books |